Methodology and techniques of social research (Record no. 31812)

MARC details
000 -LEADER
fixed length control field 00500nam a2200181Ia 4500
008 - FIXED-LENGTH DATA ELEMENTS--GENERAL INFORMATION
fixed length control field 230917s9999||||xx |||||||||||||| ||und||
020 ## - ISBN
Price RS425
040 ## - CATALOGING SOURCE
-- 256511
Original cataloging agency VIVEKANANDA LIBRARY
041 ## - Language
-- English
082 ## - DDC NUMBER
Classification number 300.72 B469M(24)
100 ## - MAIN ENTRY--PERSONAL NAME
Personal name Bhandarkar, P L
245 #0 - TITLE STATEMENT
Title Methodology and techniques of social research
250 ## - EDITION STATEMENT
Edition statement 24th ed.
260 ## - PUBLICATION, DISTRIBUTION, ETC. (IMPRINT)
Place of publication, distribution, etc Mumbai
Name of publisher, distributor, etc Himalaya Publishing House
Date of publication, distribution, etc 2017
300 ## - PHYSICAL DESCRIPTION
Pages 437 p.
500 ## - GENERAL NOTE
General note 3521 19/07/2019 RBP19/76126 23/07/2019 Main Budget
942 ## - ADDED ENTRY ELEMENTS (KOHA)
Koha item type Books
Holdings
Withdrawn status Lost status Damaged status Not for loan Location (home branch) Sublocation or collection (holding branch) Date acquired Koha issues (times borrowed) Koha full call number Accession No. Koha date last seen Koha item type
        VIVEKANANDA LIBRARY VIVEKANANDA LIBRARY 26/08/2019   300.72 B469M(24) 383895 17/09/2023 Books
        VIVEKANANDA LIBRARY VIVEKANANDA LIBRARY 26/08/2019   300.72 B469M(24) 384468 17/09/2023 Books
        VIVEKANANDA LIBRARY VIVEKANANDA LIBRARY 26/08/2019   300.72 B469M(24) 384469 17/09/2023 Books
        VIVEKANANDA LIBRARY VIVEKANANDA LIBRARY 26/08/2019 1 300.72 B469M(24) 384470 27/12/2024 Books
© Designed and Maintained by Vivekananda Library, MDU Rohtak